[Event "ICS rated standard match"]
[Site "204.178.125.65"]
[Date "2000.12.17"]
[Round "?"]
[White "perucho"]
[Black "Hossa"]
[Result "1-0"]
[WhiteElo "2462"]
[BlackElo "2309"]
[PlyCount "129"]
[EventDate "2000.??.??"]

1. Nf3 Nf6 2. d4 e6 3. c4 b6 4. g3 Bb4+ 5. Bd2 Na6 6. Bg2 Bb7 7. Bxb4 Nxb4 8.
O-O O-O 9. Nc3 Ne4 10. Qb3 Nxc3 11. Qxc3 c5 12. dxc5 bxc5 13. a3 Nc6 14. b4
cxb4 15. axb4 d6 16. Rfd1 a5 17. b5 Nb4 18. Qd2 Qc7 19. Qxd6 Qxc4 20. Rdc1 Qd5
21. Qb6 Rab8 22. Qxa5 Qd6 23. Rab1 Nd5 24. e4 Ne7 25. Rd1 Qc5 26. Rbc1 Qh5 27.
Qb4 Nc8 28. Rc5 Qg4 29. Qd2 Qxe4 30. Ne1 Qa4 31. Bxb7 Nb6 32. Bc6 Qa7 33. Rcc1
Qe7 34. Qd6 Qg5 35. Nf3 Qf6 36. Ne5 Rfd8 37. Ng4 Qg5 38. h4 Rxd6 39. hxg5 Rbd8
40. Rxd6 Rxd6 41. Ra1 Rd8 42. Ra6 Nd5 43. Bxd5 exd5 44. b6 h5 45. b7 hxg4 46.
Ra8 Rf8 47. Rxf8+ Kxf8 48. b8=Q+ Ke7 49. Qe5+ Kf8 50. Qxd5 Ke7 51. Qe5+ Kd7 52.
Qxg7 Ke6 53. Qf6+ Kd5 54. Qxf7+ Kd6 55. g6 Kc6 56. Qe6+ Kc5 57. Qe5+ Kc6 58.
Qe4+ Kc5 59. Qf5+ Kd4 60. Qxg4+ Kd5 61. Qg5+ Kc4 62. g7 Kd4 63. g8=Q Kc3 64.
Qa2 Kd4 65. Qe3# {Hossa checkmated} 1-0

[Event "ICS rated blitz match"]
[Site "204.178.125.65"]
[Date "2000.12.17"]
[Round "?"]
[White "VYCMATER"]
[Black "Hossa"]
[Result "0-1"]
[WhiteElo "2217"]
[BlackElo "2562"]
[PlyCount "80"]
[EventDate "2000.??.??"]

1. e4 e5 2. Nc3 Nc6 3. Bc4 Nf6 4. d3 Bb4 5. Nf3 d6 6. O-O Bg4 7. Nd5 Bc5 8. h3
Bxf3 9. Qxf3 Nd4 10. Nxf6+ Qxf6 11. Qxf6 gxf6 12. c3 Ne2+ 13. Kh1 Nxc1 14.
Raxc1 Rg8 15. g4 c6 16. Kg2 a5 17. a4 Ke7 18. Kf3 Rad8 19. Ba2 d5 20. Rcd1 d4
21. Bc4 Rb8 22. Ke2 b5 23. axb5 cxb5 24. Bd5 Rgc8 25. Ra1 dxc3 26. bxc3 a4 27.
Rfb1 a3 28. d4 Bd6 29. Rb3 exd4 30. cxd4 Rc2+ 31. Ke3 b4 32. Rd3 Rbc8 33. Bb3
Rc1 34. Rxc1 Rxc1 35. Ke2 Rb1 36. Ba2 Rb2+ 37. Rd2 Rxa2 38. Rxa2 b3 39. Rxa3
Bxa3 40. Kd1 Bb4 {VYCMATER resigns} 0-1

[Event "ICS Rated blitz match"]
[Site "204.178.125.65"]
[Date "2000.12.17"]
[Round "?"]
[White "moggy"]
[Black "Hossa"]
[Result "0-1"]
[WhiteElo "2515"]
[BlackElo "2570"]
[PlyCount "76"]
[EventDate "2000.??.??"]

1. f3 Nc6 2. e4 e5 3. Bc4 Bc5 4. d3 Na5 5. Qe2 Nxc4 6. dxc4 Qh4+ 7. g3 Qe7 8.
Nc3 Nf6 9. Bg5 Bb4 10. Qd3 d6 11. Nge2 h6 12. Be3 Bh3 13. Rg1 Be6 14. O-O-O h5
15. Nd5 Nxd5 16. cxd5 Bd7 17. Kb1 O-O 18. g4 hxg4 19. fxg4 Qh4 20. g5 Bg4 21.
Rdf1 Qh3 22. a3 Ba5 23. Rf2 c6 24. Rgg2 Bh5 25. Rg3 Qd7 26. Bd2 Bb6 27. Rfg2
Rac8 28. Nc3 Bd4 29. Rh3 Bg6 30. Rh4 Rfd8 31. Rg3 Bf2 32. Qf3 Bxg3 33. hxg3 Kf8
34. Be3 Ra8 35. Bf2 Ke7 36. dxc6 bxc6 37. Rh1 Rh8 38. Rd1 Bh5 {moggy resigns}
0-1

[Event "ICS rated blitz match"]
[Site "204.178.125.65"]
[Date "2000.12.17"]
[Round "?"]
[White "monsoon"]
[Black "Hossa"]
[Result "0-1"]
[WhiteElo "2439"]
[BlackElo "2583"]
[PlyCount "144"]
[EventDate "2000.??.??"]

1. e4 e5 2. Nf3 Nf6 3. Nc3 Bb4 4. Bc4 d6 5. O-O Bxc3 6. dxc3 Bg4 7. Qd3 O-O 8.
Ng5 h6 9. Bxf7+ Rxf7 10. Nxf7 Kxf7 11. f4 Nc6 12. Qc4+ Ke8 13. Kh1 Qe7 14. Qb5
Rb8 15. fxe5 Qxe5 16. Qxe5+ Nxe5 17. Bxh6 Be2 18. Rf5 Kf7 19. Bg5 Re8 20. Re1
Bb5 21. Bxf6 gxf6 22. h4 Bc6 23. b3 Nd7 24. Rf4 Nc5 25. Re3 Rxe4 26. Rfxe4 Nxe4
27. h5 Kg7 28. b4 f5 29. c4 f4 30. Re1 Kh6 31. Kh2 Nc3 32. Re7 Kxh5 33. a3 Kg6
34. b5 Be4 35. Rxc7 Kf6 36. Rd7 Ke6 37. Rc7 Nd1 38. Rc8 Ne3 39. Re8+ Kf5 40.
Rf8+ Ke5 41. c3 Nxc4 42. Re8+ Kd5 43. Re7 Nxa3 44. Rxb7 Bd3 45. Rxa7 Nxb5 46.
Rf7 Ke5 47. Re7+ Kf6 48. Rd7 Ke6 49. Rb7 Be2 50. Rb8 Nxc3 51. Rf8 Ke5 52. Re8+
Kd4 53. Rf8 Ke3 54. Re8+ Ne4 55. Rd8 Bc4 56. Kg1 d5 57. Rc8 Be2 58. Rb8 d4 59.
Ra8 d3 60. Ra3 f3 61. gxf3 Kxf3 62. Kh2 Kf4 63. Ra5 d2 64. Ra1 d1=R 65. Rxd1
Bxd1 66. Kh3 Be2 67. Kh2 Bf1 68. Kg1 Bh3 69. Kh1 Kg3 70. Kg1 Ng5 71. Kh1 Bg2+
72. Kg1 Nh3# {monsoon checkmated} 0-1

[Event "ICS rated blitz match"]
[Site "204.178.125.65"]
[Date "2000.12.17"]
[Round "?"]
[White "Hossa"]
[Black "monsoon"]
[Result "1-0"]
[WhiteElo "2593"]
[BlackElo "2429"]
[PlyCount "93"]
[EventDate "2000.??.??"]

1. Nf3 d6 2. c4 e5 3. Nc3 f5 4. d3 Nf6 5. d4 e4 6. Ng5 Be7 7. d5 O-O 8. Ne6
Bxe6 9. dxe6 Nc6 10. g3 Qc8 11. Nd5 Bd8 12. Nf4 g5 13. Nd5 Qxe6 14. Bxg5 Ng4
15. Bf4 Na5 16. b3 c6 17. h3 Nxf2 18. Kxf2 cxd5 19. cxd5 Qg6 20. e3 Rc8 21. Rc1
Bg5 22. b4 Bxf4 23. gxf4 Qf6 24. Rg1+ Kh8 25. bxa5 a6 26. Rxc8 Rxc8 27. Rg5 Rg8
28. Qc2 Rxg5 29. fxg5 Qf7 30. Qc8+ Kg7 31. Qe6 Qxe6 32. dxe6 d5 33. Kg3 Kf8 34.
Kf4 Ke7 35. Kxf5 d4 36. exd4 Kd6 37. Be2 Ke7 38. Ke5 e3 39. d5 Kf8 40. d6 Kg7
41. e7 Kf7 42. Bh5+ Kg7 43. d7 e2 44. Bxe2 h6 45. Bd3 hxg5 46. d8=Q g4 47. Qf8#
{monsoon checkmated} 1-0

[Event "ICS rated blitz match"]
[Site "204.178.125.65"]
[Date "2000.12.17"]
[Round "?"]
[White "Foltin"]
[Black "Hossa"]
[Result "0-1"]
[WhiteElo "1914"]
[BlackElo "2602"]
[PlyCount "148"]
[EventDate "2000.??.??"]

1. d4 Nf6 2. Nf3 g6 3. c3 Bg7 4. Bg5 h6 5. Bh4 g5 6. Bg3 Ne4 7. Nbd2 Nxg3 8.
hxg3 d5 9. e3 Bg4 10. Bd3 Nc6 11. Qc2 e5 12. Nxe5 Nxe5 13. dxe5 Bxe5 14. Bf5
Bxf5 15. Qxf5 Qf6 16. Qxf6 Bxf6 17. O-O-O Ke7 18. Nf3 Ke6 19. Nd4+ Bxd4 20.
Rxd4 h5 21. Rhd1 c6 22. e4 Rad8 23. Re1 dxe4 24. Rdxe4+ Kf6 25. Re7 Rb8 26. Rc7
Rbe8 27. Rxe8 Rxe8 28. Kd2 Rb8 29. f3 Ke6 30. Ke3 a6 31. Kd4 Rd8+ 32. Ke3 Rd7
33. Rc8 Rd5 34. Rc7 Re5+ 35. Kd2 Rb5 36. b3 Rd5+ 37. Ke3 Rd7 38. Rc8 Kf6 39.
Ke2 Kg7 40. Re8 f6 41. Rc8 Kf7 42. Rh8 Re7+ 43. Kd2 Kg6 44. Rc8 Kg7 45. Rd8 Rf7
46. Rc8 Kg6 47. Rd8 Rg7 48. Rc8 f5 49. Ke2 a5 50. Ra8 Re7+ 51. Kf2 Re5 52. Ra7
Rd5 53. Ke2 b6 54. Rc7 Rd6 55. Rb7 c5 56. Re7 Kf6 57. Rh7 Re6+ 58. Kf2 Kg6 59.
Rd7 Rc6 60. c4 Re6 61. Rc7 Rd6 62. Re7 Kf6 63. Re2 Rd3 64. Re3 Rd8 65. Re2 Rd7
66. Re3 Rd1 67. Re1 Rxe1 68. Kxe1 Ke5 69. Kd2 Kd4 70. Ke2 Kc3 71. Ke3 a4 72. g4
axb3 73. axb3 fxg4 74. fxg4 hxg4 {Foltin resigns} 0-1

[Event "ICS rated blitz match"]
[Site "204.178.125.65"]
[Date "2000.12.17"]
[Round "?"]
[White "Hossa"]
[Black "Foltin"]
[Result "1-0"]
[WhiteElo "2603"]
[BlackElo "1913"]
[PlyCount "107"]
[EventDate "2000.??.??"]

1. Nf3 d5 2. c4 c6 3. e3 e6 4. Nc3 Nf6 5. d4 Nbd7 6. Qc2 Bd6 7. c5 Bb8 8. b4 a6
9. Bb2 O-O 10. Na4 Re8 11. Bd3 e5 12. dxe5 Nxe5 13. Nb6 Nxf3+ 14. gxf3 Ra7 15.
Nxc8 Qxc8 16. Bxf6 gxf6 17. Bxh7+ Kh8 18. h4 d4 19. Bf5 Qc7 20. Ke2 dxe3 21.
Rag1 exf2+ 22. Kxf2 a5 23. a3 axb4 24. axb4 Qe5 25. Qd2 Qf4 26. Qxf4 Bxf4 27.
Kg2 Ra3 28. Rd1 Rg8+ 29. Kf1 Rxf3+ 30. Ke2 Re3+ 31. Kf2 Re5 32. Bc2 Bg3+ 33.
Kf3 Re7 34. h5 Be5 35. h6 Bc7 36. Rhg1 b6 37. Rxg8+ Kxg8 38. h7+ Kh8 39. Ra1
Re8 40. Ra7 Bb8 41. Rxf7 bxc5 42. bxc5 Be5 43. Bg6 Rd8 44. Be4 Rc8 45. Rd7 Bc3
46. Bf5 Be5 47. Re7 Rb8 48. Re6 Rd8 49. Rxc6 Rf8 50. Ra6 Rb8 51. Kg4 Rd8 52. c6
Rb8 53. Ra7 Rf8 54. c7 {Foltin resigns} 1-0

[Event "ICS rated blitz match"]
[Site "204.178.125.65"]
[Date "2000.12.17"]
[Round "?"]
[White "Hossa"]
[Black "brutus"]
[Result "1-0"]
[WhiteElo "2615"]
[BlackElo "2181"]
[PlyCount "107"]
[EventDate "2000.??.??"]

1. Nf3 d5 2. c4 dxc4 3. Na3 Nf6 4. Nxc4 e6 5. e3 Be7 6. d4 O-O 7. Bd3 b6 8.
Nce5 Bb7 9. O-O c5 10. dxc5 Bxc5 11. Qe2 Nc6 12. Nxc6 Bxc6 13. e4 Qc7 14. e5
Nd5 15. Ng5 g6 16. Nf3 Rfd8 17. Bg5 Be7 18. Bh6 Nb4 19. Bb1 Qd7 20. Rc1 Rac8
21. Be4 Bxe4 22. Rxc8 Rxc8 23. Qxe4 Qd5 24. Qxd5 Nxd5 25. a3 Bf8 26. Bg5 Be7
27. Rc1 Rxc1+ 28. Bxc1 Kf8 29. Kf1 Ke8 30. Ke2 Kd7 31. g3 Kc6 32. Bg5 Bf8 33.
Bd2 Be7 34. Nd4+ Kc5 35. Kd3 b5 36. Ba5 b4 37. axb4+ Nxb4+ 38. Bxb4+ Kxb4 39.
Nc6+ Kb3 40. Nxe7 a5 41. Nc8 Kxb2 42. Nb6 Kb3 43. Kd2 a4 44. Kc1 a3 45. Kb1 Kb4
46. Nc8 Kc5 47. Ka2 Kd5 48. Nd6 Kxe5 49. Nxf7+ Ke4 50. Ng5+ Kf5 51. Nxh7 Kg4
52. Nf8 Kf3 53. Nxg6 Kxf2 54. h4 {brutus resigns} 1-0

[Event "ICS rated standard match"]
[Site "204.178.125.65"]
[Date "2000.12.17"]
[Round "?"]
[White "Hossa"]
[Black "Trap"]
[Result "1-0"]
[WhiteElo "2300"]
[BlackElo "2197"]
[PlyCount "54"]
[EventDate "2000.??.??"]

1. Nf3 d5 2. c4 dxc4 3. Na3 Bg4 4. Nxc4 Bxf3 5. gxf3 Nc6 6. Bg2 Qd5 7. Ne3 Qd7
8. Qb3 Rb8 9. f4 Nd4 10. Qa3 a6 11. Qc5 Nf6 12. Qa7 Rd8 13. Bxb7 c5 14. Qxa6
Rb8 15. Bg2 Nh5 16. f5 Nf4 17. Bf1 Nd5 18. Kd1 Nb4 19. Qa5 Nxf5 20. Nxf5 Qxf5
21. Qa7 Rd8 22. Qa4+ Qd7 23. Qxd7+ Rxd7 24. a3 Nc6 25. Bg2 Nd4 26. b4 cxb4 27.
axb4 Rd6 {Trap resigns} 1-0

[Event "ICS rated blitz match"]
[Site "204.178.125.65"]
[Date "2000.12.17"]
[Round "?"]
[White "ChesterX"]
[Black "Hossa"]
[Result "0-1"]
[WhiteElo "2675"]
[BlackElo "2617"]
[PlyCount "162"]
[EventDate "2000.??.??"]

1. e3 d5 2. Nf3 Nf6 3. c4 e6 4. b3 Bb4 5. a3 Bd6 6. d4 dxc4 7. Bxc4 O-O 8. O-O
b6 9. Nc3 Bb7 10. Bb2 a6 11. Qe2 Nc6 12. e4 e5 13. dxe5 Nxe5 14. Nxe5 Bxe5 15.
Rfd1 Qe7 16. Nd5 Nxd5 17. exd5 Rfe8 18. Qxe5 Qxe5 19. Bxe5 Rxe5 20. Rac1 b5 21.
Bd3 Rc8 22. Rc5 c6 23. dxc6 Rxc5 24. cxb7 Rb8 25. Be4 f5 26. Bd5+ Kf8 27. Kf1
Rc2 28. f4 Ke7 29. Rd3 h6 30. Ke1 Kd6 31. b4 Rb2 32. Bf3+ Kc7 33. Rc3+ Kb6 34.
Re3 Ka7 35. h4 Rf8 36. Re7 Rg8 37. h5 Rc2 38. Re5 Ra2 39. Bd5 Ra1+ 40. Kd2 Rf8
41. Kc2 Rxa3 42. Re7 Rd8 43. Bb3 Ra1 44. g3 Rad1 45. Rxg7 R8d2+ 46. Kc3 Rd3+
47. Kb2 R1d2+ 48. Bc2 Rf2 49. Kb1 Rd4 50. Rc7 Rxb4+ 51. Kc1 Rf1+ 52. Kd2 Rf3
53. Bxf5 Rxg3 54. Rd7 Rxf4 55. Bd3 Ra4 56. Ke2 Ra2+ 57. Kf1 Rgg2 58. Re7 Rh2
59. Kg1 Rxh5 60. Be2 Rc5 61. Bf1 Ra1 62. Rf7 Rcc1 63. Kg2 Rxf1 64. Rh7 Rf6 65.
Re7 a5 66. Re5 Rb6 67. Kf3 Kxb7 68. Re7+ Ka6 69. Re8 b4 70. Ra8+ Kb7 71. Re8 b3
72. Re7+ Ka6 73. Re8 b2 74. Ra8+ Kb5 75. Re8 Rf1+ 76. Kg4 Rg6+ 77. Kh5 Rg2 78.
Re5+ Kc6 79. Rg5 Rxg5+ 80. Kxh6 Rfg1 81. Kh7 Rh5# {ChesterX checkmated} 0-1

[Event "ICS rated standard match"]
[Site "204.178.125.65"]
[Date "2000.12.17"]
[Round "?"]
[White "Hossa"]
[Black "BrazilianMaster"]
[Result "1-0"]
[WhiteElo "2314"]
[BlackElo "2669"]
[PlyCount "112"]
[EventDate "2000.??.??"]

1. e4 e5 2. Nf3 Nc6 3. Bb5 a6 4. Ba4 Nf6 5. O-O Be7 6. Re1 b5 7. Bb3 d6 8. c3
O-O 9. h3 Na5 10. Bc2 c5 11. d4 Qc7 12. Nbd2 cxd4 13. cxd4 Nc6 14. d5 Nb4 15.
Bb1 a5 16. Nf1 Bd7 17. a3 Na6 18. b3 Rfc8 19. Ng3 Nc5 20. Be3 b4 21. axb4 axb4
22. Rxa8 Rxa8 23. Qc2 Rc8 24. Qa2 h6 25. Rc1 Qb6 26. Bd3 Bd8 27. Rc4 Nh7 28.
Qc2 Bb5 29. Rxc5 dxc5 30. Bxb5 Qxb5 31. Nxe5 Be7 32. Nf5 Bf8 33. Nc6 Rxc6 34.
dxc6 Qxc6 35. e5 Qa8 36. f4 Qd5 37. Bf2 g6 38. Ne3 Qd4 39. Qc4 g5 40. Qxd4 cxd4
41. Nd5 Bc5 42. f5 Kf8 43. Be1 Ke8 44. Bxb4 Ba7 45. e6 Bb8 46. Kf2 fxe6 47.
fxe6 g4 48. hxg4 Be5 49. Be7 Bh8 50. Kf3 d3 51. Ke3 d2 52. Kxd2 Bg7 53. Kd3 Nf8
54. Bxf8 Bxf8 55. Ke4 Bd6 56. b4 Bg3 {BrazilianMaster resigns} 1-0

[Event "ICS rated standard match"]
[Site "204.178.125.65"]
[Date "2000.12.17"]
[Round "?"]
[White "BrazilianMaster"]
[Black "Hossa"]
[Result "1-0"]
[WhiteElo "2641"]
[BlackElo "2342"]
[PlyCount "65"]
[EventDate "2000.??.??"]

1. c4 Nf6 2. Nf3 e6 3. Nc3 Bb4 4. Qb3 Na6 5. a3 Ba5 6. g4 Nxg4 7. Rg1 h5 8. h3
Nh6 9. Rxg7 Nf5 10. Rg1 b6 11. e4 Bb7 12. exf5 Bxf3 13. Nd5 Be4 14. Qg3 Rf8 15.
fxe6 dxe6 16. Qe5 Bf5 17. Ne3 Bd3 18. Qb5+ Ke7 19. Qxa6 Bxf1 20. Rxf1 Qd4 21.
Ra2 f5 22. b4 f4 23. bxa5 fxe3 24. dxe3 Qc3+ 25. Bd2 Qb3 26. Ra1 Qb2 27. Rd1
Qxa3 28. Qb5 c5 29. axb6 axb6 30. Qxb6 Qa7 31. Qb2 h4 32. Rg1 Rf7 33. e4 {
Hossa resigns} 1-0

[Event "ICS rated standard match"]
[Site "204.178.125.65"]
[Date "2000.12.17"]
[Round "?"]
[White "Hossa"]
[Black "BrazilianMaster"]
[Result "0-1"]
[WhiteElo "2337"]
[BlackElo "2646"]
[PlyCount "144"]
[EventDate "2000.??.??"]

1. e4 c5 2. Nf3 Nc6 3. d4 cxd4 4. Nxd4 e6 5. Nb5 d6 6. c4 Nf6 7. N5c3 Be7 8.
Be2 O-O 9. O-O a6 10. Be3 Qa5 11. Nd2 Bd7 12. Qb3 Rfc8 13. Bb6 Qg5 14. f4 Qh4
15. Be3 Rab8 16. Qd1 Qh6 17. Na4 Bd8 18. Nb6 Bxb6 19. Bxb6 e5 20. Nf3 Qxf4 21.
Qxd6 Be6 22. Qd2 Nxe4 23. Qxf4 exf4 24. Rad1 f5 25. b3 Ra8 26. Rde1 Re8 27. Bd3
Bf7 28. Bxe4 Rxe4 29. Rxe4 fxe4 30. Ng5 Bg6 31. Nh3 Nb4 32. Nxf4 Nd3 33. Nxg6
hxg6 34. a3 Re8 35. Be3 Re6 36. g3 Rf6 37. Kg2 a5 38. h3 Kh7 39. g4 Kg8 40. Bg5
Ra6 41. Kg3 Rb6 42. Rb1 a4 43. b4 Re6 44. Rd1 Nb2 45. Rd8+ Kh7 46. Bc1 Nxc4 47.
Rc8 b5 48. Rd8 Rf6 49. Bg5 Rf3+ 50. Kg2 Nxa3 51. Re8 Nc2 52. Rxe4 a3 53. Re2
Rc3 54. Bd2 Rb3 55. Bf4 Nxb4 56. Re8 Nd5 57. Be5 Re3 58. Ra8 Rxe5 59. Rxa3 b4
60. Ra7 Nc3 61. Rf7 b3 62. Rf4 g5 63. Rc4 Na2 64. Ra4 b2 65. Rxa2 b1=Q 66. Rf2
Re1 67. Kh2 Rh1+ 68. Kg2 Rg1+ 69. Kh2 Qd1 70. Re2 Qf1 71. h4 gxh4 72. Re4 Qg2#
{Hossa checkmated} 0-1

[Event "ICS rated blitz match"]
[Site "204.178.125.65"]
[Date "2000.12.17"]
[Round "?"]
[White "I-Labib"]
[Black "Hossa"]
[Result "0-1"]
[WhiteElo "2367"]
[BlackElo "2642"]
[PlyCount "56"]
[EventDate "2000.??.??"]

1. e4 c5 2. Nf3 Nc6 3. d4 cxd4 4. Nxd4 e6 5. Nxc6 bxc6 6. Bd3 e5 7. O-O Nf6 8.
c4 Bc5 9. Qe1 d6 10. Bd2 O-O 11. b4 Bd4 12. Nc3 Be6 13. Rc1 a5 14. a3 axb4 15.
axb4 Qd7 16. Ne2 Bb2 17. Rb1 Ra2 18. Nc1 Bxc1 19. Qxc1 Rfa8 20. Rd1 Qe7 21. b5
cxb5 22. cxb5 Rc8 23. Bc3 Ng4 24. Rb2 Qh4 25. h3 Nxf2 26. Rxa2 Bxa2 27. Rd2
Nxd3 28. Rxd3 Qxe4 {I-Labib resigns} 0-1

[Event "ICS rated blitz match"]
[Site "204.178.125.65"]
[Date "2000.12.17"]
[Round "?"]
[White "Hossa"]
[Black "PostModernist"]
[Result "1/2-1/2"]
[WhiteElo "2647"]
[BlackElo "2557"]
[PlyCount "124"]
[EventDate "2000.??.??"]

1. Nf3 Nf6 2. d4 g6 3. c4 Bg7 4. Nc3 O-O 5. Bg5 c5 6. dxc5 Qa5 7. Qd2 Qxc5 8.
e4 Nc6 9. Be2 d6 10. O-O Bg4 11. Be3 Qh5 12. Bg5 Ne5 13. Nxe5 Bxe2 14. Qxe2
Qxg5 15. Nf3 Qc5 16. Nd5 Nxd5 17. exd5 Rac8 18. Rac1 Rfe8 19. Ng5 Bh6 20. Ne4
Qd4 21. Rc3 Qe5 22. Qf3 Bg7 23. Nd2 Qg5 24. Rc2 Be5 25. Qb3 Qf5 26. Nf3 Bf6 27.
Rfc1 b6 28. Qa4 Ra8 29. Re2 g5 30. Rd1 g4 31. Nd4 Qh5 32. g3 Rec8 33. Nc6 Rc7
34. Rde1 Qg5 35. Qa3 Re8 36. Qb3 Qf5 37. Qa4 Qg5 38. Qb5 Rec8 39. Qa6 Ra8 40.
b3 Kh8 41. Qa3 Kg7 42. Qb4 Re8 43. Re4 Kh8 44. Qb5 Rec8 45. Qa6 e6 46. R4e3 Qf5
47. Qb5 Bg5 48. Nd4 Qf6 49. Rd3 Rc5 50. Qd7 Rd8 51. Qxa7 exd5 52. cxd5 Ra5 53.
Qxb6 Rxa2 54. f4 Rc8 55. Qb5 Rf8 56. Rdd1 Bh6 57. Qd7 Bxf4 58. gxf4 Qxf4 59.
Re2 Ra1 60. Ree1 Ra2 61. Re2 Ra1 62. Ree1 Ra2 {Game drawn by repetition}
1/2-1/2

[Event "ICS rated blitz match"]
[Site "204.178.125.65"]
[Date "2000.12.17"]
[Round "?"]
[White "VYCMATER"]
[Black "Hossa"]
[Result "0-1"]
[WhiteElo "2227"]
[BlackElo "2643"]
[PlyCount "66"]
[EventDate "2000.??.??"]

1. e4 e5 2. Nf3 Nf6 3. d4 Nxe4 4. Bd3 d5 5. Nxe5 Nd7 6. Nxd7 Bxd7 7. O-O Qf6 8.
Bxe4 dxe4 9. f3 Bb5 10. Re1 O-O-O 11. Rxe4 Bc6 12. Rf4 Qe5 13. c3 Qe6 14. Bd2
Re8 15. Qb3 Bd5 16. Qa4 Qe2 17. Qc2 Bd6 18. Rf5 Bc4 19. Qc1 Kb8 20. b3 Be6 21.
Rh5 g6 22. Rh4 Bf5 23. c4 Be7 24. Rh6 Bf6 25. Nc3 Bxd4+ 26. Kh1 Qf2 27. Bf4 Bg7
28. Nb5 Re2 29. Qf1 Bxa1 30. Qxf2 Rxf2 31. g4 Bb1 32. Bxc7+ Ka8 33. Bg3 Rxf3 {
VYCMATER resigns} 0-1

[Event "ICS rated blitz match"]
[Site "204.178.125.65"]
[Date "2000.12.17"]
[Round "?"]
[White "Hossa"]
[Black "Klages"]
[Result "1-0"]
[WhiteElo "2646"]
[BlackElo "2427"]
[PlyCount "41"]
[EventDate "2000.??.??"]

1. e4 e6 2. d4 d5 3. Nd2 Nf6 4. e5 Nfd7 5. Bd3 c5 6. c3 Nc6 7. Ne2 cxd4 8. cxd4
f6 9. Nf4 Nxd4 10. Qh5+ Ke7 11. Ng6+ hxg6 12. exf6+ Kxf6 13. Qxh8 Kf7 14. O-O
e5 15. Re1 e4 16. Nxe4 dxe4 17. Bc4+ Ne6 18. Bxe6+ Kxe6 19. Qh3+ Kf7 20. Qb3+
Kf6 21. Qd5 {Klages resigns} 1-0

[Event "ICS rated blitz match"]
[Site "204.178.125.65"]
[Date "2000.12.17"]
[Round "?"]
[White "VYCMATER"]
[Black "Hossa"]
[Result "1/2-1/2"]
[WhiteElo "2233"]
[BlackElo "2653"]
[PlyCount "113"]
[EventDate "2000.??.??"]

1. d4 Nf6 2. c4 g6 3. Nf3 Bg7 4. g3 O-O 5. Bg2 d6 6. O-O Nbd7 7. Nc3 e5 8. e4
exd4 9. Nxd4 Ne5 10. b3 c6 11. f4 Bg4 12. Qd2 Bh6 13. h3 Bc8 14. g4 Nexg4 15.
hxg4 Nxg4 16. Bb2 Bg7 17. Rad1 Bxd4+ 18. Qxd4 Qh4 19. Rf3 Qh2+ 20. Kf1 Ne5 21.
fxe5 Bg4 22. Nd5 cxd5 23. exd6 f6 24. Qxd5+ Rf7 25. Rxf6 Raf8 26. Rd2 Bh3 27.
e5 Qh1+ 28. Kf2 Bxg2 29. Qxg2 Qh4+ 30. Kf1 Rxf6+ 31. exf6 Qf4+ 32. Rf2 Qxd6 33.
f7+ Rxf7 34. Rxf7 Qd1+ 35. Kf2 Qd2+ 36. Kg1 Qxg2+ 37. Kxg2 Kxf7 38. Kg3 g5 39.
Kg4 Kg6 40. b4 a6 41. a4 h5+ 42. Kf3 Kf5 43. b5 h4 44. c5 g4+ 45. Kg2 axb5 46.
axb5 Ke6 47. Bc1 Ke5 48. Bg5 h3+ 49. Kg3 Ke6 50. Bf4 Kd5 51. Bd6 b6 52. Bf4
Kxc5 53. Kxg4 Kxb5 54. Kxh3 Kc4 55. Bd6 Kd4 56. Bc7 Ke4 57. Bxb6 {
Game drawn because neither player has mating material} 1/2-1/2

[Event "ICS rated blitz match"]
[Site "204.178.125.65"]
[Date "2000.12.18"]
[Round "?"]
[White "Hossa"]
[Black "VYCMATER"]
[Result "1-0"]
[WhiteElo "2640"]
[BlackElo "2243"]
[PlyCount "69"]
[EventDate "2000.??.??"]

1. d4 Nf6 2. Nc3 c5 3. dxc5 Qa5 4. e3 Ne4 5. Qd4 Nxc3 6. Bd2 Nc6 7. Qxc3 Qxc3
8. Bxc3 e5 9. Nf3 f6 10. Bc4 Bxc5 11. O-O-O d6 12. h3 Bf5 13. Bd5 O-O-O 14. g4
Bd7 15. g5 f5 16. Bc4 g6 17. a3 Ne7 18. Rhe1 Bc6 19. Nd4 exd4 20. exd4 Rhe8 21.
dxc5 dxc5 22. Rxd8+ Kxd8 23. Bf6 Kc7 24. Bf7 Rc8 25. Rxe7+ Kd6 26. Kd2 a6 27.
Bb3 b5 28. Rxh7 c4 29. Ba2 Kd5 30. Ra7 Ra8 31. Rxa8 Bxa8 32. b3 Kc5 33. bxc4
bxc4 34. Kc3 Bd5 35. a4 {VYCMATER resigns} 1-0

[Event "ICS rated blitz match"]
[Site "204.178.125.65"]
[Date "2000.12.18"]
[Round "?"]
[White "Hossa"]
[Black "monsoon"]
[Result "1-0"]
[WhiteElo "2643"]
[BlackElo "2441"]
[PlyCount "117"]
[EventDate "2000.??.??"]

1. e4 Nc6 2. Nf3 d6 3. d4 Nf6 4. d5 Nb8 5. Bd3 g6 6. O-O Bg7 7. Na3 O-O 8. c3
Qd7 9. Be3 e6 10. c4 exd5 11. cxd5 Re8 12. Ng5 Qe7 13. Qc1 Ng4 14. Bf4 Bd4 15.
Nb5 Bb6 16. Qc3 f6 17. Nf3 a6 18. Nbd4 Ne5 19. Bc2 Qg7 20. Nd2 a5 21. Bb3 a4
22. Bd1 Bd7 23. Be2 Na6 24. Rfe1 Nc5 25. b4 axb3 26. axb3 Rxa1 27. Rxa1 Ng4 28.
Bxg4 Bxg4 29. f3 Bd7 30. Nc4 Nxb3 31. Nxb6 Nxa1 32. Nxd7 Qxd7 33. Qxa1 Qe7 34.
Qa7 f5 35. Qxb7 fxe4 36. Ne6 exf3 37. Qxc7 Qxc7 38. Nxc7 Rb8 39. Bxd6 Rb1+ 40.
Kf2 fxg2 41. Kxg2 Rb2+ 42. Kf3 Ra2 43. Be5 Ra3+ 44. Ke4 Ra4+ 45. Kd3 Ra3+ 46.
Kc4 Ra4+ 47. Kc5 Re4 48. Bd4 Re2 49. Kc6 Rc2+ 50. Bc5 Rxh2 51. d6 Rd2 52. Nd5
Rxd5 53. Kxd5 h6 54. d7 Kf7 55. d8=Q g5 56. Bd4 h5 57. Qf6+ Ke8 58. Ke6 g4 59.
Qe7# {monsoon checkmated} 1-0

[Event "ICS rated blitz match"]
[Site "204.178.125.65"]
[Date "2000.12.18"]
[Round "?"]
[White "monsoon"]
[Black "Hossa"]
[Result "0-1"]
[WhiteElo "2433"]
[BlackElo "2651"]
[PlyCount "168"]
[EventDate "2000.??.??"]

1. d4 Nf6 2. c4 g6 3. g3 Bg7 4. Bg2 O-O 5. Nc3 Nc6 6. Nf3 d5 7. cxd5 Nxd5 8.
O-O Nb6 9. d5 Nb4 10. e4 f5 11. Qb3 Nd3 12. Ng5 Nc5 13. Qb4 Nxe4 14. Ngxe4 fxe4
15. Qxe4 Bf5 16. Qe3 Rf7 17. a4 a5 18. Qg5 Qd7 19. Be3 Nc4 20. Ra2 Bd3 21. Re1
Nxb2 22. Rc1 Nc4 23. Bc5 Re8 24. Qh4 Bf6 25. Bh3 e6 26. dxe6 Rxe6 27. Qg4 Bf5
28. Qxc4 Bxh3 29. Nd5 Bg7 30. Nf4 Ref6 31. Nxh3 Qxh3 32. Re1 h6 33. Re7 Qf5 34.
Rb2 Kh7 35. Rxf7 Rxf7 36. Rxb7 Qf3 37. Qb3 Qxb3 38. Rxb3 g5 39. Be3 Kg6 40. Rb5
Bc3 41. Rc5 Bb4 42. Rc6+ Kh7 43. f4 Re7 44. Bc1 Rg7 45. f5 Rf7 46. f6 Kg6 47.
Bb2 h5 48. Kg2 g4 49. h4 gxh3+ 50. Kxh3 Kg5 51. Bd4 Kf5 52. Kh4 Rd7 53. Rc4 Kg6
54. Kh3 Rd5 55. Bb2 Bd6 56. Rd4 Rg5 57. Rd3 Rg4 58. Bd4 Kf7 59. Bc3 Rxa4 60.
Rf3 Ra3 61. Kg2 Ra2+ 62. Kh3 a4 63. Bd4 Re2 64. Be3 a3 65. Bg5 a2 66. Rf1 Be5
67. Bf4 a1=R 68. Rxa1 Bxa1 69. Bxc7 Bxf6 70. Bf4 Ke6 71. Bh6 Kf5 72. Bf4 Ke4
73. Bc7 Kf3 74. Bf4 Be5 75. Bxe5 Rxe5 76. Kh4 Rf5 77. g4 Rf4 78. Kxh5 Rxg4 79.
Kh6 Rg3 80. Kh7 Kf4 81. Kh8 Kf5 82. Kh7 Kf6 83. Kh8 Kf7 84. Kh7 Rh3# {
monsoon checkmated} 0-1

[Event "ICS rated blitz match"]
[Site "204.178.125.65"]
[Date "2000.12.18"]
[Round "?"]
[White "LordSirKnight"]
[Black "Hossa"]
[Result "1-0"]
[WhiteElo "2874"]
[BlackElo "2658"]
[PlyCount "95"]
[EventDate "2000.??.??"]

1. d4 Nf6 2. c4 g6 3. Nc3 d5 4. cxd5 Nxd5 5. e4 Nxc3 6. bxc3 Bg7 7. Bc4 c5 8.
Ne2 Nc6 9. Be3 O-O 10. O-O cxd4 11. cxd4 b6 12. Rc1 Na5 13. Bd5 Bb7 14. Bxb7
Nxb7 15. d5 Nd6 16. f3 Rc8 17. Qa4 Rc7 18. Rxc7 Qxc7 19. Rc1 Qb8 20. Nd4 Bxd4
21. Bxd4 Rc8 22. Rc6 Rc7 23. Bb2 b5 24. Qa5 Rxc6 25. dxc6 f6 26. Bd4 Qc8 27.
Qc3 e5 28. Qc5 Qc7 29. Qd5+ Kg7 30. Bc5 Nf7 31. Qd7 Qxd7 32. cxd7 a5 33. Kf2 b4
34. Ke3 f5 35. Be7 a4 36. Kd3 b3 37. axb3 axb3 38. Kc3 h6 39. f4 exf4 40. e5 f3
41. gxf3 g5 42. e6 Ne5 43. Bf8+ Kg8 44. d8=Q b2 45. Qf6 b1=N+ 46. Kb2 Nc4+ 47.
Kc1 Ncd2 48. Qg7# {Hossa checkmated} 1-0